|
|
|
|
| LEADER |
00000nam a2200000 a 4500 |
| 001 |
vtls001464091 |
| 003 |
SK-MaSNL |
| 005 |
20260301121659.0 |
| 008 |
240314s2003 xo 0 und |
| 035 |
|
|
|a SNK000419396
|
| 040 |
|
|
|a SNK
|b slo
|c SNK
|e AACR2
|
| 044 |
|
|
|a xo
|c SK
|
| 100 |
1 |
|
|a Jegelka, Udo
|4 aut
|9 466139
|
| 245 |
1 |
0 |
|a Spôsob kontinuálnej výroby 4-amino-2,2,6,6-tetrametylpiperidínu. C07D 211/58
|b patentový dokument
|
| 260 |
|
|
|a Banská Bystrica
|b Úrad priemyselného vlastníctva SR
|c 2003
|
| 655 |
|
7 |
|a patentové spisy
|2 SNK
|9 63387
|
| 999 |
|
|
|c 730253
|d 732183
|
| 952 |
|
|
|t P60, <03>, [BOOK], {603}
|a SNK
|b SNK
|y PREZ
|7 0
|p 17A0398215
|o snkSK 282110
|i snkPS 766/2003
|0 0
|1 0
|4 0
|d 2003-11-27
|l 0
|r 2005-01-02 00:00:00
|w 2026-02-23
|